[Event "IECG QC.2005.0.00062 email"]
[Site "IECG email"]
[Date "2005.02.15"]
[Round "?"]
[White "Sherwood, Russell"]
[Black "Jacques, John"]
[Result "0-1"]
[WhiteElo "1679"]
[BlackElo "1614"]
[PlyCount "74"]
[EventDate "2005.02.15"]
[EventType "tourn (corr)"]
[EventRounds "2"]
[SourceTitle "Corr 2008"]
[Source "ChessBase"]
[SourceDate "2008.06.24"]
[SourceVersion "1"]
[SourceVersionDate "2008.06.24"]
[SourceQuality "1"]

1. e4 c5 2. Nf3 d6 3. d4 cxd4 4. Nxd4 Nf6 5. f3 a6 6. Nc3 e5 7. Nb3 Be6 8. Be3 Nbd7 9. Qd2 b5 10. a4 b4 11. Nd5 Bxd5 12. exd5 Nb6 13. Bg5 Nbxd5 14. Bxf6 Nxf6 15. Qxb4 Qc7 16. Qc4 Qxc4 17. Bxc4 d5 18. Be2 Bb4+ 19. c3 Bd6 20. 0-0-0 0-0 21. Kc2 Rfc8 22. Rhe1 h6 23. Bd3 Rc7 24. Be4 Nxe4 25. Rxd5 Nxc3 26. bxc3 Bb4 27. Re3 Rac8 28. Rdd3 f6 29. Kb2 Be7 30. Nd2 Kf7 31. Kc2 h5 32. Re4 g5 33. h3 h4 34. Kb3 Ke6 35. Rc4 Rxc4 36. Nxc4 Bc5 37. Rd8 Rxd8 0-1

[Event "IECG TE.2003.P.01302 email"]
[Site "IECG email"]
[Date "2003.11.11"]
[Round "?"]
[White "Grimes, George"]
[Black "Jacques, John"]
[Result "0-1"]
[WhiteElo "1100"]
[BlackElo "1549"]
[PlyCount "24"]
[EventDate "2003.11.11"]
[EventType "tourn (corr)"]
[EventRounds "10"]
[SourceTitle "Corr 2008"]
[Source "ChessBase"]
[SourceDate "2008.06.24"]
[SourceVersion "1"]
[SourceVersionDate "2008.06.24"]
[SourceQuality "1"]

1. e4 c5 2. Nf3 Nc6 3. d4 cxd4 4. Nxd4 Nf6 5. Nc3 e6 6. Ncb5 Nxe4 7. Bd3 Nxd4 8. Bxe4 Nxb5 9. Qh5 d5 10. Bg5 Qa5+ 11. Bd2 Bb4 12. Bxb4 Qxb4+ 0-1

[Event "IECG QE.2003.0.00054"]
[Site "IECG email"]
[Date "2003.09.25"]
[Round "?"]
[White "Trevis, Robert"]
[Black "Jacques, John"]
[Result "0-1"]
[WhiteElo "1359"]
[BlackElo "1300"]
[PlyCount "144"]
[EventDate "2003.09.25"]
[EventType "tourn (corr)"]
[EventRounds "6"]
[SourceTitle "Corr 2024"]
[Source "ChessBase"]
[SourceDate "2023.10.19"]
[SourceVersion "1"]
[SourceVersionDate "2023.10.19"]
[SourceQuality "1"]

1. d4 d5 2. Nf3 Nf6 3. e3 e6 4. Bd3 c5 5. c3 Nc6 6. Nbd2 Be7 7. 0-0 0-0 8. dxc5 Bxc5 9. b4 Be7 10. b5 Nb8 11. Bb2 a6 12. c4 dxc4 13. Bxc4 axb5 14. Bxb5 Bd7 15. a4 Bxb5 16. axb5 Rxa1 17. Qxa1 Qd5 18. Qb1 Rd8 19. Ba1 Nbd7 20. e4 Qh5 21. Rc1 g5 22. Nf1 g4 23. Ng3 Qg6 24. Ne5 Nxe5 25. Bxe5 Qg5 26. Bc7 Rd4 27. Ba5 Bc5 28. Rc2 b6 29. Bc3 Rd7 30. Ra2 h5 31. Ra8+ Kg7 32. Qb2 e5 33. Qc2 Qf4 34. Ra1 h4 35. Nf5+ Kh7 36. Be1 Nxe4 37. Ra4 Bxf2+ 38. Bxf2 Rd1+ 39. Qxd1 Qxf2+ 40. Kh1 Nc3 41. Qc1 Qxf5 42. Rc4 Nxb5 43. Rb4 Nd4 44. Rxb6 f6 45. Rb8 Ne6 46. Kg1 h3 47. gxh3 gxh3 48. Rb7+ Kg6 49. Rb3 Ng5 50. Rg3 Qd7 51. Kf1 Kh5 52. Qc2 Qd5 53. Qe2+ Kg6 54. Qc2+ f5 55. Qe2 f4 56. Qa6+ Kh5 57. Qe2+ f3 58. Rxh3+ Kg4 59. Rg3+ Kf4 60. Qc2 Ne4 61. Rxf3+ Kxf3 62. Qe2+ Kf4 63. Qa6 Qd1+ 64. Kg2 Qd2+ 65. Kg1 Kf3 66. Qa3+ Nc3 67. Qf8+ Qf4 68. Qxf4+ exf4 69. Kf1 Ke3 70. h4 f3 71. h5 f2 72. Kg2 Ke2 0-1

[Event "IECG QE.2003.0.00050"]
[Site "IECG email"]
[Date "2003.06.27"]
[Round "1"]
[White "Jacques, John"]
[Black "Mena Raposo, Jose"]
[Result "1-0"]
[WhiteElo "1300"]
[BlackElo "1200"]
[PlyCount "37"]
[EventDate "2003.06.27"]
[EventType "tourn (corr)"]
[EventRounds "6"]
[SourceTitle "Corr 2008"]
[Source "ChessBase"]
[SourceDate "2008.06.24"]
[SourceVersion "1"]
[SourceVersionDate "2008.06.24"]
[SourceQuality "1"]

1. e4 e5 2. Nf3 Nc6 3. Bb5 Nd4 4. Nxd4 exd4 5. d3 Bc5 6. 0-0 Nf6 7. e5 Nd5 8. Qg4 0-0 9. Bh6 g6 10. Bxf8 Qxf8 11. Bxd7 Qd8 12. Bxc8 Rxc8 13. e6 fxe6 14. Qxe6+ Kg7 15. Nd2 Ne3 16. fxe3 dxe3 17. Rf7+ Kh6 18. Qh3+ Kg5 19. Ne4# 1-0

[Event "IECG QE.2003.0.00038"]
[Site "IECG email"]
[Date "2003.03.02"]
[Round "2"]
[White "Jacques, John"]
[Black "Mallard, Ken"]
[Result "1-0"]
[WhiteElo "1300"]
[BlackElo "1235"]
[PlyCount "139"]
[EventDate "2003.03.02"]
[EventType "tourn (corr)"]
[EventRounds "6"]
[SourceTitle "Corr 2008"]
[Source "ChessBase"]
[SourceDate "2008.06.24"]
[SourceVersion "1"]
[SourceVersionDate "2008.06.24"]
[SourceQuality "1"]

1. e4 d6 2. d4 Nf6 3. Nc3 g6 4. f4 Bg7 5. Nf3 c5 6. dxc5 Qa5 7. Bd3 Qxc5 8. Qe2 Bg4 9. Be3 Qa5 10. 0-0 0-0 11. h3 Bxf3 12. Qxf3 Nc6 13. a3 Nd7 14. Bd2 Qd8 15. Rab1 e6 16. b4 a6 17. Ne2 b5 18. c4 Qb8 19. Rfc1 Rc8 20. Qf2 Ne7 21. cxb5 Rxc1+ 22. Bxc1 axb5 23. Rb3 Qb7 24. Nc3 Rc8 25. Bb2 Bxc3 26. Rxc3 Rxc3 27. Bxc3 Nc8 28. Qc2 Qa7+ 29. Kh2 Qxa3 30. Bb2 Qa6 31. Bxb5 Qxb5 32. Qxc8+ Nf8 33. Qc3 e5 34. fxe5 dxe5 35. Qxe5 Qxe5+ 36. Bxe5 Ne6 37. b5 Nc5 38. b6 Nb7 39. Bd4 Kf8 40. Kg3 Ke7 41. Kf4 Ke6 42. g4 f6 43. e5 fxe5+ 44. Bxe5 Nc5 45. Bd4 Nb7 46. Kg5 Kf7 47. Be5 Nc5 48. h4 Nb7 49. Kh6 Kg8 50. h5 gxh5 51. Kxh5 Na5 52. Kh6 Nb7 53. Bc7 Na5 54. Kg5 Kf7 55. Kf5 Ke7 56. Bh2 Nb7 57. Kg5 Kf7 58. Kf5 Ke7 59. Ke5 Na5 60. Bg1 Nb7 61. Kd5 Kd7 62. Bd4 Na5 63. Kc5 Nb7+ 64. Kb5 Nd6+ 65. Ka6 Kc6 66. Bf6 Kd7 67. Be5 Ne4 68. Bd4 Nd6 69. Bc5 Ne4 70. Ba3 1-0

[Event "IECG QE.2003.0.00038"]
[Site "IECG email"]
[Date "2003.03.02"]
[Round "1"]
[White "Mallard, Ken"]
[Black "Jacques, John"]
[Result "1/2-1/2"]
[WhiteElo "1235"]
[BlackElo "1300"]
[PlyCount "100"]
[EventDate "2003.03.02"]
[EventType "tourn (corr)"]
[EventRounds "6"]
[SourceTitle "Corr 2008"]
[Source "ChessBase"]
[SourceDate "2008.06.24"]
[SourceVersion "1"]
[SourceVersionDate "2008.06.24"]
[SourceQuality "1"]

1. e4 c5 2. Nc3 Nc6 3. g3 g6 4. Bg2 Bg7 5. d3 d6 6. Be3 Rb8 7. Qd2 b5 8. Nge2 b4 9. Nd1 Nd4 10. 0-0 e6 11. Nc1 Ne7 12. c3 bxc3 13. bxc3 Ndc6 14. Bh6 0-0 15. Bxg7 Kxg7 16. Ne3 e5 17. Ne2 Qc7 18. f4 Bd7 19. f5 gxf5 20. exf5 f6 21. Ng4 Nxf5 22. Be4 Nce7 23. d4 d5 24. Bxf5 Nxf5 25. dxe5 fxe5 26. Qxd5 Nxg3 27. Nxg3 Bxg4 28. Rxf8 Rxf8 29. Re1 Re8 30. Ne4 Rd8 31. Qxc5 Qxc5+ 32. Nxc5 Rd1 33. Rxd1 Bxd1 34. Kf2 Kf6 35. Ke3 Kf5 36. h3 Bc2 37. Kd2 Bb1 38. a3 Kf4 39. Ke2 e4 40. Ne6+ Ke5 41. Ng5 h6 42. Nf7+ Kf4 43. Nxh6 Ba2 44. Ng4 Bc4+ 45. Kf2 Be6 46. Ne3 Bxh3 47. Ke2 Ke5 48. Kd2 Bc8 49. Kc2 Bd7 50. Kd2 Bc6 1/2-1/2

[Event "IECG TG-2003-0-14782"]
[Site "IECG email"]
[Date "2003.02.08"]
[Round "1"]
[White "Hadley, Guy"]
[Black "Jacques, John"]
[Result "1/2-1/2"]
[WhiteElo "1325"]
[BlackElo "1300"]
[PlyCount "100"]
[EventDate "2003.02.08"]
[EventType "tourn (corr)"]
[EventRounds "6"]
[SourceTitle "Corr 2024"]
[Source "ChessBase"]
[SourceDate "2023.10.19"]
[SourceVersion "1"]
[SourceVersionDate "2023.10.19"]
[SourceQuality "1"]

1. e4 e5 2. Nf3 Nc6 3. Bb5 a6 4. Ba4 Nf6 5. 0-0 b5 6. Bb3 Bb7 7. c3 Bc5 8. d4 exd4 9. cxd4 Bb6 10. e5 Ne4 11. Qd3 d5 12. exd6 Nxd6 13. Re1+ Ne7 14. Nc3 Qd7 15. Ne5 Qf5 16. Qxf5 Ndxf5 17. Bxf7+ Kf8 18. Be6 Bc8 19. Bxc8 Rxc8 20. Nd7+ Kf7 21. Nxb6 cxb6 22. Bg5 b4 23. Na4 Rhd8 24. Nxb6 Rc6 25. Na4 Rxd4 26. Rad1 Rxd1 27. Rxd1 h6 28. Bd2 Rd6 29. Nc5 a5 30. Ne4 Rd4 31. f3 Nd6 32. Nxd6+ Rxd6 33. Kf2 Nf5 34. g4 Nh4 35. Ke2 Re6+ 36. Kf1 Nxf3 37. Kg2 Ne5 38. Rf1+ Rf6 39. Rxf6+ Kxf6 40. Kg3 Ke6 41. h4 Kd5 42. h5 Ke4 43. g5 Nf7 44. gxh6 Nxh6 45. b3 Kd3 46. Bf4 Ng8 47. Be5 g6 48. hxg6 Ne7 49. Bc7 Nxg6 50. Bxa5 Kc3 1/2-1/2